| 000 | 00688nam a2200169 i 4500 | ||
|---|---|---|---|
| 001 | 183952 | ||
| 003 | ES-MaACL | ||
| 005 | 20230906222017.0 | ||
| 008 | 141223s1841 xxk |||| | eng d | ||
| 110 | 2 |
_aUniversity College, London. _bFaculty of Arts and Laws. _9156078 |
|
| 245 | 1 | 0 |
_aUniversity College, London : _bFaculty of Arts and Laws : session 1841-42. |
| 260 |
_a[London : _bs.n., _c1841?] ( _fRichard and John E. Taylor) |
||
| 300 |
_a12 p. ; _c20 cm. |
||
| 594 | _aTítulo y encabezamiento tomado de principio del texto. | ||
| 650 | 4 |
_aEnseñanza- _zGran Bretaña. _9151700 |
|
| 852 | 4 |
_aES-MaACL _jT-15-F-8 _z- Enc. en un vol. facticio _z- Falto de la cubierta original |
|
| 999 |
_c183952 _d183952 |
||